<?xml version="1.0" encoding="UTF-8"?>
<record
    xmlns:xsi="http://www.w3.org/2001/XMLSchema-instance"
    xsi:schemaLocation="http://www.loc.gov/MARC21/slim http://www.loc.gov/standards/marcxml/schema/MARC21slim.xsd"
    xmlns="http://www.loc.gov/MARC21/slim">

  <leader>01617    a2200205   4500</leader>
  <controlfield tag="001">34605</controlfield>
  <controlfield tag="005">20260407155632.0</controlfield>
  <controlfield tag="008">260407a1990    arg                 spa d</controlfield>
  <controlfield tag="003">AR-UNSa-BCEJYS</controlfield>
  <datafield tag="040" ind1=" " ind2=" ">
    <subfield code="a">AR-UNSa-BCEJYS</subfield>
    <subfield code="b">spa</subfield>
    <subfield code="c">AR-UNSa-BCEJYS</subfield>
  </datafield>
  <datafield tag="080" ind1=" " ind2=" ">
    <subfield code="a">658.012</subfield>
    <subfield code="x">M&#xE9;todos (Management...)</subfield>
  </datafield>
  <datafield tag="245" ind1="1" ind2="0">
    <subfield code="a">La quinta disciplina</subfield>
    <subfield code="p">c&#xF3;mo impulsar el aprendizaje en la organizaci&#xF3;n inteligente</subfield>
  </datafield>
  <datafield tag="020" ind1=" " ind2=" ">
    <subfield code="a">84-7577-351-6</subfield>
  </datafield>
  <datafield tag="264" ind1=" " ind2="1">
    <subfield code="a">Buenos Aires :</subfield>
    <subfield code="b">Granica</subfield>
    <subfield code="c">1990</subfield>
  </datafield>
  <datafield tag="300" ind1=" " ind2=" ">
    <subfield code="a">490 p.</subfield>
    <subfield code="c">23 cm.</subfield>
  </datafield>
  <datafield tag="505" ind1=" " ind2=" ">
    <subfield code="a">I. : Nuestros actos crean la realidad y pueden cambiarla: 1. Dadme una palanca y movere el mundo - 2. &#xBF; Su organizaci&#xF3;n tiene problemas de aprendizaje? - 3.&#xBF; Prisioneros del sistema, o prisioneros de nuestro propio pensamiento? - II.: La quinta disciplina, piedra angular de la organizaci&#xF3;n inteligente: 4. las leyes de la quinta disciplina - 5. Un cambio de enfoque - 6. Configuraciones naturales: patrones que controlan acontecimientos - 7. El pincipio de la palanca - 8. El arte de ver los &#xE1;rboles sin dejar de ver el bosque - III. Las disciplinas centrales: Construyendo la organizaci&#xF3;n inteligente: 9. Dominio personal - 10. Modelos mentales - 11. Visi&#xF3;n compartida - 12. Aprendizaje en equipo - IV. Prototipos: 13. Apertura - 14. Localismo - 15. Finalizado la guerra entre el trabajo y la familia - 17. Micromundos: La tecnolog&#xED;a de la organizaci&#xF3;n inteligente - 18. La nueva funci&#xF3;n del lider - V: CODA: 19. &#xBF;Una sexta disciplina? - 20. Reescribiendo el c&#xF3;digo - 21. La totalidad indivisible.</subfield>
  </datafield>
  <datafield tag="942" ind1=" " ind2=" ">
    <subfield code="c">BK</subfield>
  </datafield>
  <datafield tag="590" ind1=" " ind2=" ">
    <subfield code="a">niveau_biblio:m niveau_hierar:0</subfield>
  </datafield>
  <datafield tag="100" ind1="1" ind2=" ">
    <subfield code="a">Senge, Perter M.</subfield>
  </datafield>
  <datafield tag="999" ind1=" " ind2=" ">
    <subfield code="c">2469</subfield>
    <subfield code="d">2469</subfield>
  </datafield>
  <datafield tag="952" ind1=" " ind2=" ">
    <subfield code="0">0</subfield>
    <subfield code="1">0</subfield>
    <subfield code="4">0</subfield>
    <subfield code="7">0</subfield>
    <subfield code="a">BCEJYS</subfield>
    <subfield code="b">BCEJYS</subfield>
    <subfield code="c">16</subfield>
    <subfield code="d">2026-04-07</subfield>
    <subfield code="l">0</subfield>
    <subfield code="o">658.012 S474</subfield>
    <subfield code="p">L65279</subfield>
    <subfield code="r">2026-04-07 15:56:32</subfield>
    <subfield code="w">2026-04-07</subfield>
    <subfield code="y">L</subfield>
  </datafield>
  <datafield tag="952" ind1=" " ind2=" ">
    <subfield code="0">0</subfield>
    <subfield code="1">0</subfield>
    <subfield code="4">0</subfield>
    <subfield code="7">0</subfield>
    <subfield code="a">BCEJYS</subfield>
    <subfield code="b">BCEJYS</subfield>
    <subfield code="c">16</subfield>
    <subfield code="d">2026-04-07</subfield>
    <subfield code="l">0</subfield>
    <subfield code="o">658.012 S474</subfield>
    <subfield code="p">L65278</subfield>
    <subfield code="r">2026-04-07 15:56:32</subfield>
    <subfield code="w">2026-04-07</subfield>
    <subfield code="y">L</subfield>
  </datafield>
  <datafield tag="952" ind1=" " ind2=" ">
    <subfield code="0">0</subfield>
    <subfield code="1">0</subfield>
    <subfield code="4">0</subfield>
    <subfield code="7">0</subfield>
    <subfield code="a">BCEJYS</subfield>
    <subfield code="b">BCEJYS</subfield>
    <subfield code="c">16</subfield>
    <subfield code="d">2026-04-07</subfield>
    <subfield code="l">0</subfield>
    <subfield code="o">658.012 S474</subfield>
    <subfield code="p">L70148</subfield>
    <subfield code="r">2026-04-07 15:56:32</subfield>
    <subfield code="w">2026-04-07</subfield>
    <subfield code="y">L</subfield>
  </datafield>
</record>
